000
00328nam a2200133Ia 4500
008
210210b1986 xxu||||| |||| 00| 0 eng d
082
_a
346 MATF
100
_a
MATHEW (P D) & BAKSHI (P M).
245
_a
Family courts.
260
_a
ND
_b
Indian social institute
_c
1986
300
_a
20
690
_a
Private Law
906
_a
038894
999
_c
89226
_d
89226